Lok prakhashan (Record no. 6070)

MARC details
000 -LEADER
fixed length control field 00501cam a2200205ua 4500
008 - FIXED-LENGTH DATA ELEMENTS--GENERAL INFORMATION
fixed length control field 141209n ii |||gr||||Z||||||asm
040 ## - CATALOGING SOURCE
Transcribing agency MAIN
041 ## - LANGUAGE CODE
-- asm
082 ## - DEWEY DECIMAL CLASSIFICATION NUMBER
Classification number 350
100 ## - MAIN ENTRY--PERSONAL NAME
Personal name Das, MN,
Relator term
245 ## - TITLE STATEMENT
Title Lok prakhashan
Statement of responsibility, etc. by MN Das
250 ## - EDITION STATEMENT
Edition statement 1st ed.
260 ## - PUBLICATION, DISTRIBUTION, ETC.
Place of publication, distribution, etc. Jorhat:
Name of publisher, distributor, etc. Bidya Bhawan,
Date of publication, distribution, etc. 2013.
300 ## - PHYSICAL DESCRIPTION
Extent 404p.
700 ## - ADDED ENTRY--PERSONAL NAME
Personal name Gohain, Nabin,
Relator term
942 ## - ADDED ENTRY ELEMENTS (KOHA)
Koha item type Books
653 ## - INDEX TERM--UNCONTROLLED
Uncontrolled term Public administration & military science
653 ## - INDEX TERM--UNCONTROLLED
Uncontrolled term Political Science
Holdings
Withdrawn status Lost status Damaged status Not for loan Home library Current library Shelving location Date acquired Total Checkouts Full call number Barcode Date last seen Date last checked out Copy number Price effective from Koha item type
        Naharkatiya College Library Naharkatiya College Library General Stacks 19/09/2020 1 350 | DAS 21428 14/02/2026 09/02/2026 3 19/09/2020 Books
        Naharkatiya College Library Naharkatiya College Library General Stacks 19/09/2020 1 350 | DAS 21429 11/09/2023 16/08/2023 1 19/09/2020 Books
        Naharkatiya College Library Naharkatiya College Library General Stacks 19/09/2020   350 | DAS 21430 19/09/2020   2 19/09/2020 Books

Naharkatiya College © 2020. All rights reserved.

Powered By